Философские, социологические и психолого-педагогические проблемы современного образования. Вып. 2 (Запись № 12409904)
[ простой вид ]
| 000 -МАРКЕР | |
|---|---|
| контрольное поле | 02399nam2a2200265 4500 |
| 001 - ИДЕНТИФИКАТОР ЗАПИСИ | |
| контрольное поле | RU\NLR\BIBL_A\012544284 |
| 005 - ИДЕНТИФИКАТОР ВЕРСИИ | |
| контрольное поле | 20210909122327.0 |
| 021 ## - НОМЕР ГОСУДАРСТВЕННОЙ РЕГИСТРАЦИИ | |
| Код страны | Российская Федерация |
| Номер | КН-П-21-003592 |
| Номер Листа государственной регистраци | КН-П-21-0277 |
| 035 ## - ДРУГИЕ СИСТЕМНЫЕ НОМЕРА | |
| Идентификатор записи | (NLR Aleph) 012544284 |
| 035 ## - ДРУГИЕ СИСТЕМНЫЕ НОМЕРА | |
| Идентификатор записи | (RuMoRGB)010560290 |
| 100 ## - ДАННЫЕ ОБЩЕЙ ОБРАБОТКИ | |
| Данные общей обработки | 20210611d2020 k y0rusy50 ca |
| 101 0# - ЯЗЫК РЕСУРСА | |
| Язык текста, звукозаписи и т.д. | русский |
| Язык резюме | английский |
| 102 ## - СТРАНА ПУБЛИКАЦИИ ИЛИ ПРОИЗВОДСТВА | |
| Страна публикации | Российская Федерация |
| 105 ## - ПОЛЕ КОДИРОВАННЫХ ДАННЫХ: ТЕКСТОВЫЕ МАТЕРИАЛЫ, МОНОГРАФИЧЕСКИЕ | |
| Кодированные данные о монографическом текстовом документе | a|||z|||100zy |
| 200 0# - ЗАГЛАВИЕ И СВЕДЕНИЯ ОБ ОТВЕТСТВЕННОСТИ | |
| Основное заглавие | Вып. 2 |
| 210 ## - ПУБЛИКАЦИЯ, РАСПРОСТРАНЕНИЕ И ДР. | |
| Дата издания, распространения и т.д. | 2020 |
| 215 ## - ФИЗИЧЕСКАЯ ХАРАКТЕРИСТИКА | |
| Специфическое обозначение материала и объем | 241, [1] с. |
| Другие сведения о физической характеристике | ил. |
| 300 ## - ОБЩИЕ ПРИМЕЧАНИЯ | |
| Текст примечания | Рез. англ. |
| 320 ## - ПРИМЕЧАНИЯ О НАЛИЧИИ В ДОКУМЕНТЕ БИБЛИОГРАФИИ / УКАЗАТЕЛЯ | |
| Текст примечания | Библиогр. в конце ст. |
| 461 #0 - УРОВЕНЬ НАБОРА | |
| Встроенное поле | 001RU\NLR\BIBL_A\012544283 |
| -- | 2001#$aФилософские, социологические и психолого-педагогические проблемы современного образования$eматериалы всероссийской (с международным участием) научно-практической конференции, г. Барнаул, 20-21 ноября 2020 г.$fМинистерство просвещения Российской Федерации, Федеральное государственное бюджетное образовательное учреждение высшего образования "Алтайский государственный педагогический университет" (ФГБОУ ВО "АлтГПУ")$gпод научной редакцией С.А. Ан$vВып. 2 |
| Системный номер (АБИС) связанной записи | 12409902 |
| Место публикации | Барнаул |
| Дата публикации | 2020 |
| Первые сведения об ответственности | Министерство просвещения Российской Федерации, Федеральное государственное бюджетное образовательное учреждение высшего образования "Алтайский государственный педагогический университет" (ФГБОУ ВО "АлтГПУ") |
| Имя издателя, распространителя и т.д. | ФГБОУ ВО "АлтГПУ" |
| Сведения, относящиеся к заглавию | материалы всероссийской (с международным участием) научно-практической конференции, г. Барнаул, 20-21 ноября 2020 г. |
| Заглавие | Философские, социологические и психолого-педагогические проблемы современного образования |
| Номер тома | Вып. 2 |
| 942 ## - ДОПОЛНИТЕЛЬНЫЕ ЭЛЕМЕНТЫ ЗАПИСИ (АБИС) | |
| Тип экземпляра АБИС | Книга |
| 980 ## - КОЛЛЕКЦИЯ | |
| Название коллекции | Национальная библиография |
| Тип экземпляра | Дата поступления | Источник поступления | Библиотека постоянного хранения | Библиотека текущего хранения | Место хранения | Шифр хранения | Штрих-код | Статус экземпляра |
|---|---|---|---|---|---|---|---|---|
| Книга | 11.06.2021 | Обязательный экземпляр | РНБ (Московский) | РНБ (Московский) | Русский книжный фонд: издания с 1957 года | 2021-8/1809 | 1-3419589 | |
| Книга | 11.06.2021 | Обязательный экземпляр | РНБ (Московский) | РНБ (Московский) | Русский книжный фонд: издания с 1957 года | 2021-8/1809 | 1-3419590 |